Most Recent Countries to Get a McDonald's - Statistics

General Stats
  • This quiz has been taken 147 times
    48 since last reset
  • The average score is 5 of 11
Answer Stats
Year Current Stores Country % Correct
2014 33 Vietnam
64%
1998 83 Pakistan
59%
2016 Have since left Kazakhstan
54%
1998 23 Lebanon
54%
1999 30 Azerbaijan
46%
1999 23 Georgia
46%
2011 Have since left Bosnia and Herzegovina
44%
1998 Have since left Sri Lanka
41%
1998 12 Moldova
36%
1998 8 Nicaragua
31%
2001 16 Mauritius
10%
No matching quizzes found
Score Distribution
Percent of People with Each Score
Percentile by Number Answered
Your Score History
You have not taken this quiz since the last reset